The bureau of of reclamation
| Main Author: | |
|---|---|
| Format: | Book |
| Published: |
Boulder :
Westview Press ,
1985
|
| Subjects: |
MARC
| LEADER | 00000cam a2200000 7i4500 | ||
|---|---|---|---|
| 001 | 0000000086 | ||
| 005 | 20050613.0 | ||
| 020 | |a 0813301459 | ||
| 040 | |a INS | ||
| 090 | 0 | 0 | |a TC823. |b W37 1985 |
| 100 | 1 | |a Warne, William E. | |
| 245 | 1 | 4 | |a The bureau of of reclamation |c William E. Warne |
| 260 | |a Boulder : |b Westview Press , |c 1985 | ||
| 300 | |a 270p ; |c 22 cm. | ||
| 500 | |a Include index | ||
| 650 | 0 | 0 | |a Reclamation of land |
| 999 | |a 0000002339 |b BOOK |c Open Shelf |e Default branch | ||